Hướng dẫn thiết kế bài giảng và tuyển tập các bài giảng hay nghề điện - điện tử

Guardado en:
Detalles Bibliográficos
Formato: Libro
Lenguaje:Vietnamese
Publicado: Lao Động 2007
Materias:
Etiquetas: Agregar Etiqueta
Sin Etiquetas, Sea el primero en etiquetar este registro!
Thư viện lưu trữ: Mạng thư viện Đại học Đà Nẵng
LEADER 01072nam a2200313 a 4500
001 000002644
003 02268
005 20171229145311.0
008 171229s2007 vie
040 |a LSK 
041 0 |a VIE 
082 0 |a 621.3  |b DƯ-L 
245 0 0 |a Hướng dẫn thiết kế bài giảng và tuyển tập các bài giảng hay nghề điện - điện tử  |c Dương Đức Lân, Cao Văn Sâm, Vũ Xuân Hùng chủ biên 
260 |b Lao Động  |c 2007 
300 |a 208 pages  |c 24 cm. 
653 |a Điện 
653 |a Điện tử 
852 |a Phòng Đọc 
901 |a 1 
927 |a Sách tham khảo 
OWN |a LSK 
AVA |a UDN50  |b LSK  |d 621.3 DƯ-L  |e available  |t Error 5001 Not defined in file expand_doc_bib_avail.  |f 1  |g 0  |h N  |i 0  |k 1 
999 |a From the UDN01 
AVA |a UDN50  |b LSK  |d 621.3 DƯ-L  |e available  |t Error 5001 Not defined in file expand_doc_bib_avail.  |f 1  |g 0  |h N  |i 0  |k 1 
TYP |a Monograph 
TYP |a Printed language 
980 |a Mạng thư viện Đại học Đà Nẵng